|
|
|
|
| LEADER |
00000cam a22000004a 4500 |
| 001 |
musev2_37979 |
| 003 |
MdBmJHUP |
| 005 |
20230905044006.0 |
| 006 |
m o d |
| 007 |
cr||||||||nn|n |
| 008 |
150203s2015 dcu o 00 0 eng d |
| 020 |
|
|
|a 9780815726180
|
| 020 |
|
|
|z 0815726287
|
| 020 |
|
|
|z 081572618X
|
| 020 |
|
|
|z 9780815726173
|
| 035 |
|
|
|a (OCoLC)933515948
|
| 040 |
|
|
|a MdBmJHUP
|c MdBmJHUP
|
| 100 |
1 |
|
|a Hill, Fiona,
|d 1965-
|e author.
|
| 245 |
1 |
0 |
|a Mr. Putin :
|b Operative in the Kremlin /
|c Fiona Hill, Clifford G. Gaddy.
|
| 250 |
|
|
|a Paperback edition.
|
| 264 |
|
1 |
|a Washington, D.C. :
|b Brookings Institution Press,
|c 2015.
|
| 264 |
|
3 |
|a Baltimore, Md. :
|b Project MUSE,
|c 2016
|
| 264 |
|
4 |
|c ©2015.
|
| 300 |
|
|
|a 1 online resource (520 pages).
|
| 336 |
|
|
|a text
|b txt
|2 rdacontent
|
| 337 |
|
|
|a computer
|b c
|2 rdamedia
|
| 338 |
|
|
|a online resource
|b cr
|2 rdacarrier
|
| 490 |
0 |
|
|a Brookings focus books
|
| 500 |
|
|
|a "New And Expanded."
|
| 505 |
0 |
|
|a PART I: THE OPERATIVE EMERGES -- Who is Mr. Putin? -- Boris Yeltsin and the Time of Troubles -- The statist -- The history man -- The survivalist -- The outsider -- The free marketeer -- The case officer -- The system -- PART II: THE OPERATIVE ENGAGES -- The stakeholders' revolt -- Putin's world -- The American education of Mr. Putin -- Russia resurgent -- The operative abroad -- CODA: The operative in action.
|
| 520 |
|
|
|a "Who is Vladimir Putin? In Mr. Putin, Russia experts Fiona Hill and Clifford Gaddy argue that Russia's President, Vladimir Putin, is in fact a man of many and complex identities. Drawing on a range of sources, including their own personal encounters, they describe six that are most essential: the Statist, the History Man, the Survivalist, the Outsider, the Free Marketeer, and the Case Officer. Understanding Putin's multiple dimensions is crucial for policymakers trying to decide how best to deal with Russia."--Publisher's website
|
| 588 |
|
|
|a Description based on print version record.
|
| 600 |
1 |
7 |
|a Putin, Vladimir Vladimirovič
|d 1952-
|2 gnd
|
| 600 |
1 |
7 |
|a Putin, Vladimir Vladimirovich,
|d 1952-
|2 fast
|0 (OCoLC)fst00444788
|
| 600 |
1 |
0 |
|a Putin, Vladimir Vladimirovich,
|d 1952-
|
| 650 |
|
7 |
|a Politiska förhållanden.
|2 sao
|
| 650 |
|
7 |
|a Presidenter.
|2 sao
|
| 650 |
|
7 |
|a Politik
|2 gnd
|
| 650 |
|
7 |
|a Presidents.
|2 fast
|0 (OCoLC)fst01075723
|
| 650 |
|
7 |
|a Politics and government.
|2 fast
|0 (OCoLC)fst01919741
|
| 650 |
|
7 |
|a POLITICAL SCIENCE
|x Political Process
|x Leadership.
|2 bisacsh
|
| 650 |
|
7 |
|a HISTORY
|z Europe
|x Russia & the Former Soviet Union.
|2 bisacsh
|
| 650 |
|
7 |
|a HISTORY
|z Europe
|x Former Soviet Republics.
|2 bisacsh
|
| 650 |
|
7 |
|a HISTORY
|z Europe
|x Eastern.
|2 bisacsh
|
| 650 |
|
7 |
|a presidents.
|2 aat
|
| 650 |
|
6 |
|a Presidents.
|
| 650 |
|
0 |
|a Presidents.
|
| 651 |
|
7 |
|a Russland
|2 gnd
|
| 651 |
|
7 |
|a Russia (Federation)
|2 fast
|0 (OCoLC)fst01262050
|
| 651 |
|
0 |
|a Russia (Federation)
|x Politics and government
|y 1991-
|
| 655 |
|
7 |
|a Electronic books.
|2 local
|
| 700 |
1 |
|
|a Gaddy, Clifford G.,
|e author.
|
| 710 |
2 |
|
|a Brookings Institution,
|e issuing body.
|
| 710 |
2 |
|
|a Project Muse.
|e distributor
|
| 830 |
|
0 |
|a Book collections on Project MUSE.
|
| 856 |
4 |
0 |
|z Texto completo
|u https://projectmuse.uam.elogim.com/book/37979/
|
| 945 |
|
|
|a Project MUSE - Custom Collection
|
| 945 |
|
|
|a Project MUSE - Archive Complete Supplement IV
|
| 945 |
|
|
|a Project MUSE - Archive Political Science and Policy Studies Supplement IV
|
| 945 |
|
|
|a Project MUSE - Archive Russian and East European Studies Supplement III
|